| 000 -ლიდერი |
| ფიქსირებული სიგრძის საკონტროლო ველი |
01966nam a22002777a 4500 |
| 003 - საკონტროლო ნომრის იდენტიფიკატორი |
| საკონტროლო ველი |
Ge_BSU |
| 005 - ბოლო ოპერაციის თარიღი და დრო |
| საკონტროლო ველი |
20230525120737.0 |
| 008 - ფიქსირებული სიგრძის მონაცემთა ელემენტები - ზოგადი ინფორმაცია |
| ფიქსირებული სიგრძის საკონტროლო ველი |
230525s2011 ge ||||| |||| 00| 0 geo d |
| 020 ## - წიგნის საერთაშორისო სტანდარტული ნომერი |
| International Standard Book Number |
9789941104411 |
| 041 ## - ენის კოდი |
| Language code of text/sound track or separate title |
geo |
| 080 ## - უნივერსალური ათობითი კლასიფიკაციის ინდექსი |
| Universal Decimal Classification number |
737(479.22)+336.74(100) დ-91 |
| 100 ## - მთავარი ჩანაწერი - პიროვნების სახელი |
| Personal name |
დუნდუა, გიორგი |
| 9 (RLIN) |
18035 |
| 245 ## - ცნობა სათაურის შესახებ |
| Title |
ქართული ნუმიზმატიკა: |
| Remainder of title |
ნაწ. 2, [XIII-XIX საუკუნეების ემისიები და უცხოური მონეტების მიმოქცევა / |
| Statement of responsibility, etc |
გიორგი დუნდუა, თედო დუნდუა ; რედ. ალექსანდრე ბოშიშვილი ; თსუ, საქ. ისტ. ინ-ტი, ოთ. ლორთქიფანიძის არქეოლ. ცენტრი. |
| 264 ## - წარმოების, გამოცემის, დისტრიბუციის და სხვა ცნობები |
| გამოცემის, წარმოების, დისტრიბუციის... ადგილი |
თბილისი : |
| გამოცემის, წარმოების, დისტრიბუციის... სახელწოდება |
მერიდიანი, |
| გამოცემის, წარმოების, დისტრიბუციის... თარიღი |
2011. |
| 300 ## - ფიზიკური აღწერა |
| Extent |
236 გვ. : |
| Other physical details |
ტაბ.; |
| Dimensions |
29 სმ. |
| 500 ## - ზოგადი შენიშვნა |
| General note |
ტაბ.: გვ. 209-222. |
| 501 ## - შენიშვნა თანმხლებ მასალაზე |
| With note |
შემოკლებათა განმარტება: გვ. 234. |
| 504 ## - BIBLIOGRAPHY, ETC. NOTE |
| Bibliography, etc |
ბიბლიოგრაფია: გვ. 228-233. |
| 520 ## - SUMMARY, ETC. |
| Summary, etc |
რეზ. ინგლ. |
| 653 ## - INDEX TERM--UNCONTROLLED |
| Uncontrolled term |
საქართველოს ნუმიზმატიკა |
| 653 ## - INDEX TERM--UNCONTROLLED |
| Uncontrolled term |
უცხოური მონეტების მიმოქცევა საქართველოში |
| 700 ## - ADDED ENTRY--PERSONAL NAME |
| Personal name |
დუნდუა, თედო |
| Relator term |
ავტორი |
| 9 (RLIN) |
3483 |
| 700 ## - ADDED ENTRY--PERSONAL NAME |
| Personal name |
ბოშიშვილი, ალექსანდრე |
| Relator term |
რედაქტორი |
| 9 (RLIN) |
18213 |
| 710 ## - ADDED ENTRY--CORPORATE NAME |
| Corporate name or jurisdiction name as entry element |
თბილისის სახელმწიფო უნივერსიტეტი. |
| Subordinate unit |
საქართველოს ისტორიის ინსტიტუტი. ოთ. ლორთქიფანიძის არქეოლოგიური ცენტრი. |
| 9 (RLIN) |
18214 |
| 942 ## - ADDED ENTRY ELEMENTS (KOHA) |
| Source of classification or shelving scheme |
|
| Koha item type |
წიგნი |